00367nam a2200145Ia 450000500170000000800460001703700120006304000200007504100130009508400170010810000180012524500320014326000370017530000090021220250508163256.0008 250505s9999 xx 000 0 eng d aTextual aFEDLbengcFEDL aeng2eng aF, TURqFEDL aTurgenev Ivan 0aRudin: A nest of the gentry aMoscow bRaduga Publishersc1985 a319p